00506cam a22002171 4500001001300000003000400013005001700017008004100034010001700075035002000092040001800112042001200130050001800142100002400160245002200184260001100206300002200217500001600239650001600255999001700271sa 64008100 DLC20260227112052.0890721s1963 ii 000 0 kano  asa 64008100  a(OCoLC)20053233 aDLCcWaUdDLC apremarc00aSD397.B17bC50 aJa. Ca. Ni.,d1911-10aBilvabinnāṇa. c[1963] avi, 55 p.c18 cm. aIn Kannada. 0aBael (Tree) c60690d60690